Associa il personaggio al suo stato americano di nascita - Statistics

Statistiche generali
  • Questo quiz è stato fatto 13 volte
  • Il punteggio medio è 9 su 51
Statistiche sulle risposte
Hint Risposta % Corretto
Barack Obama Hawaii
80%
Bill Clinton Arkansas
50%
Abraham Lincoln Kentucky
50%
Ariana Grande Florida
40%
Aaron Paul Idaho
40%
Aubrey Plaza Delaware
30%
Bob Dylan Minnesota
30%
Brad Pitt Oklahoma
30%
George Washington Virginia
30%
Rosa Parks Alabama
20%
Chadwick Boseman Carolina del Sud
20%
Martin Luther King Georgia
20%
Walt Disney Illinois
20%
Louis Armstrong Louisiana
20%
Stephen King Maine
20%
John Fitzgerald Kennedy Massachusetts
20%
Henry Ford Michigan
20%
Elvis Presley Mississippi
20%
Dan Reynolds (Imagine Dragons) Nevada
20%
Dan Brown New Hampshire
20%
Michael Jordan New York
20%
Kurt Cobain Washington
20%
Michelle Johnson Alaska
10%
Emma Stone Arizona
10%
Marilyn Monroe California
10%
Zach Galifianakis Carolina del Nord
10%
John Kerry Colorado
10%
George W. Bush Connecticut
10%
Wiz Khalifa Dakota del Nord
10%
January Jones Dakota del Sud
10%
Michael Jackson Indiana
10%
John Wayne Iowa
10%
Buster Keaton Kansas
10%
Michael Phelps Maryland
10%
Eminem Missouri
10%
David Lynch Montana
10%
Marlon Brando Nebraska
10%
Whitney Houston New Jersey
10%
Jeff Bezos New Mexico
10%
Neil Armstrong Ohio
10%
Matt Groening Oregon
10%
Taylor Swift Pennsylvania
10%
H.P. Lovecraft Rhode Island
10%
Quentin Tarantino Tennessee
10%
Travis Scott Texas
10%
Jewel Utah
10%
Calvin Coolidge Vermont
10%
Chuck Yeager Virginia Occidentale
10%
Samuel L. Jackson Washington D.C.
10%
Orson Welles Wisconsin
10%
Jackson Pollock Wyoming
10%
Nessun quiz corrispondente trovato
Distribuzione punteggi
Percentuale di utenti per punteggio
Percentile per numero di risposta
I tuoi punteggi nel tempo
Non hai fatto questo quiz